000 00704nam a2200241 i 4500
001 bgj
100 1 _aLÜTZELER, Paul Michael.
245 1 0 _aHermann Broch Ethik und Politik :
_bStudien zum Frühwerk und zur Romantrilogie "Die Schlafwandler"/
_cPaul Michael Lützeler.
260 _aMünchen :
_bWinkler Verlag,
_c1973.
300 _a190, [1] s. ;
_c21 cm.
490 1 _aWinkler Studien
504 _aBibliogr. s. 177-185. Indeks.
650 9 _aLiteratura niemiecka
830 _aWinkler Studien
020 _a3538078068
040 _cBPK
041 0 _ager
044 _aDEU
080 _a821.112.2
920 _a3-538-07806-8
942 _cKS
008 s gw f |000 0 ger
999 _c50931
_d50931
856 _uhttp://koha.tu.koszalin.pl/cgi-bin/koha/opac-detail.pl?biblionumber=50931
_yKatalog online BPK